Seďmaja problema Giľberta /

Salvato in:
Dettagli Bibliografici
Autore principale: Feľdman, N.I (Autore)
Natura: Libro
Lingua:russo
Pubblicazione: Moskva : Izd.MGU, 1982
Soggetti:
Tags: Aggiungi Tag
Nessun Tag, puoi essere il primo ad aggiungerne!!

MARC

LEADER 00000nam a22000003a 4500
001 stu36028
005 20150617225730.8
008 920520s1982----xxr-----------------rus-d
040 |a STU  |b slo 
041 0 |a rus 
044 |a xxr 
080 |a 514.774 
100 1 |a Feľdman, N.I  |4 aut 
245 1 |a Seďmaja problema Giľberta /  |c [aut.]N.I. Feľdman 
260 |a Moskva :  |b Izd.MGU,  |c 1982 
300 |a 311 s 
650 7 |a Geometria Hilbertova  |2 stusub 
996 |b 284M061719  |c M*455-1  |l MMKN  |s A  |a 24  |w stu36028_0001